00278nam a22000977a 4500008004100000040005500041080001200096245001800108260004200126300001200168230626b |||||||| |||| 00| 0 eng d aNational Science LibrarycNational Science Library a211bN3 aUrantia book  aChicago: bUrantia Foundation, c1955 a2097p.